[Event "AUTO-MASTER-2894"]
[Site "http://www.queenalice.com/game.php?id=1590765"]
[Date "2019.11.20"]
[Round "1"]
[White "jovelino"]
[Black "jpribeiro"]
[Result "0-1"]
[WhiteElo "2153"]
[BlackElo "2125"]

1. e4 e5 2. Nf3 Nf6 3. Nxe5 d6 4. Nf3 Nxe4 5. Nc3 Nxc3 6. dxc3 Be7 7. Be3 O-O 8.
Qd2 h6 9. Bd3 f5 10. O-O-O Be6 11. h4 Nd7 12. Nd4 Rf6 13. Nxe6 Rxe6 14. Bc4 Nf8
0-1

[Event "AUTO-MASTER-2894"]
[Site "http://www.queenalice.com/game.php?id=1590766"]
[Date "2019.11.20"]
[Round "1"]
[White "jpribeiro"]
[Black "jovelino"]
[Result "1/2-1/2"]
[WhiteElo "2053"]
[BlackElo "2167"]

1. e4 c5 2. Nc3 Nc6 3. Nf3 d6 4. Bc4 e6 5. d4 cxd4 6. Nxd4 Nf6 7. Nxc6 bxc6 8.
Bg5 Be7 9. O-O d5 10. exd5 cxd5 11. Be2 O-O 12. Qd4 a6 13. Bd3 h6 14. Bd2 Qc7
15. h3 1/2-1/2

[Event "AUTO-OPEN-4114"]
[Site "http://www.queenalice.com/game.php?id=1590925"]
[Date "2019.11.22"]
[Round "1"]
[White "jupar"]
[Black "jovelino"]
[Result "1-0"]
[WhiteElo "2184"]
[BlackElo "2042"]

1. e4 c5 2. Nf3 d6 3. c3 Nf6 4. Be2 g6 5. O-O Bg7 6. d3 O-O 7. h3 Nc6 8. Bf4 e5
9. Bg5 h6 10. Be3 Qc7 11. Na3 a6 12. Qc1 Kh7 13. Nc2 b5 14. a3 Rb8 15. Nh2 Ng8
16. f4 f5 17. Qd2 Qe7 18. Rae1 Nf6 19. exf5 gxf5 20. fxe5 dxe5 21. Bf3 Qd6 22.
b4 cxb4 23. axb4 Nd5 24. Bc5 Qe6 25. Bxf8 Bxf8 26. Ne3 Nce7 27. Nxd5 Nxd5 28.
Ng4 fxg4 29. Bxg4 1-0

[Event "AUTO-OPEN-4114"]
[Site "http://www.queenalice.com/game.php?id=1590926"]
[Date "2019.11.22"]
[Round "1"]
[White "jovelino"]
[Black "jupar"]
[Result "0-1"]
[WhiteElo "2053"]
[BlackElo "2176"]

1. e4 e5 2. Nf3 Nc6 3. Bc4 Nf6 4. d3 Bc5 5. c3 d6 6. O-O O-O 7. Re1 Bg4 8. Nbd2
a6 9. Bb3 Ba7 10. Nf1 h6 11. Ng3 Nh5 12. Nf5 Bxf5 13. exf5 Nf4 14. Bxf4 exf4 15.
d4 Qf6 16. Bc2 Rae8 17. Qd2 Ne7 18. Qxf4 g6 19. Qxh6 Qg7 20. Qxg7+ Kxg7 21. fxg6
Nxg6 22. Bxg6 Rxe1+ 23. Rxe1 fxg6 24. Re7+ Rf7 25. Rxf7+ Kxf7 26. Kf1 Kf6 27.
Ke2 c6 28. Kd3 d5 0-1

[Event "AUTO-OPEN-4114"]
[Site "http://www.queenalice.com/game.php?id=1590951"]
[Date "2019.11.22"]
[Round "1"]
[White "Palmeiras"]
[Black "jovelino"]
[Result "1-0"]
[WhiteElo "2472"]
[BlackElo "2128"]

1. e4 c5 2. Nf3 d6 3. d4 cxd4 4. Nxd4 Nf6 5. Nc3 a6 6. Be2 e5 7. Nb3 Be7 8. O-O
b6 9. Nd2 b5 10. Nd5 Nxd5 11. exd5 O-O 12. a4 bxa4 13. Rxa4 f5 14. Nc4 Nd7 15.
Na5 Nc5 16. Ra3 Qb6 17. Nc6 Bf6 18. b4 Nd7 19. c4 f4 20. Qc2 Bb7 21. Bg4 Bxc6
22. dxc6 Nb8 23. Be6+ Kh8 24. Rh3 h6 25. Qg6 Ra7 26. Rxh6+ 1-0

[Event "AUTO-OPEN-4114"]
[Site "http://www.queenalice.com/game.php?id=1590952"]
[Date "2019.11.22"]
[Round "1"]
[White "jovelino"]
[Black "Palmeiras"]
[Result "0-1"]
[WhiteElo "2126"]
[BlackElo "2473"]

1. e4 c5 2. Nf3 d6 3. d4 cxd4 4. Qxd4 Nc6 5. Bb5 Bd7 6. Bxc6 Bxc6 7. c4 f5 8.
Nc3 fxe4 9. Nxe4 Nf6 10. Nxf6+ gxf6 11. Qg4 e5 12. Qh5+ Kd7 13. Bd2 Qe8 14.
Qxe8+ Rxe8 15. Nh4 b5 16. cxb5 Bxb5 17. O-O-O d5 18. Kb1 Be2 19. Rc1 Rg8 20.
Rhe1 Bd3+ 21. Ka1 d4 22. g3 Bd6 23. Ba5 Rb8 24. Red1 Rbc8 25. a3 Bc2 0-1

[Event "AUTO-OPEN-4114"]
[Site "http://www.queenalice.com/game.php?id=1590969"]
[Date "2019.11.22"]
[Round "1"]
[White "jovelino"]
[Black "pizzaiolo72"]
[Result "1-0"]
[WhiteElo "2136"]
[BlackElo "2189"]

1. e4 Nf6 2. e5 Nd5 3. d4 d6 4. exd6 cxd6 5. c4 Nb6 6. Nc3 g6 7. Be3 Nc6 8. Rc1
Bg7 9. b3 O-O 10. Nf3 Bg4 11. Be2 Qd7 12. O-O a6 13. h3 Bxf3 14. Bxf3 Qc7 15.
Nd5 Nxd5 16. cxd5 1-0

[Event "AUTO-OPEN-4114"]
[Site "http://www.queenalice.com/game.php?id=1590970"]
[Date "2019.11.22"]
[Round "1"]
[White "pizzaiolo72"]
[Black "jovelino"]
[Result "0-1"]
[WhiteElo "2185"]
[BlackElo "2152"]

1. g4 e5 2. Bg2 d5 3. e4 dxe4 4. Bxe4 Nf6 5. Bg2 Bxg4 6. Bf3 Bxf3 7. Nxf3 Nc6 8.
d3 g6 9. Bg5 Bg7 10. Nc3 Qd7 11. Qe2 O-O-O 12. O-O-O h6 13. Bh4 Rhe8 14. Ne4 g5
15. Bg3 Nd5 16. h4 g4 17. Nh2 f5 18. Nc5 Qe7 19. Nb3 f4 20. Qxg4+ Kb8 21. Nf3
fxg3 22. fxg3 Ne3 23. Qg6 Nxd1 24. Rxd1 e4 25. dxe4 Rxd1+ 26. Kxd1 Qd6+ 27. Qxd6
cxd6 0-1

[Event "AUTO-ELITE-2175"]
[Site "http://www.queenalice.com/game.php?id=1591133"]
[Date "2019.11.24"]
[Round "1"]
[White "Matt24"]
[Black "jovelino"]
[Result "1-0"]
[WhiteElo "2586"]
[BlackElo "2129"]

1. d4 Nf6 2. c4 c5 3. d5 b5 4. cxb5 a6 5. bxa6 Bxa6 6. Nc3 g6 7. Nf3 Bg7 8. e4
Bxf1 9. Kxf1 d6 10. g3 Nbd7 11. Kg2 Nb6 12. Qb3 O-O 13. a4 Ra5 14. Ra3 Nfd7 15.
Bg5 h6 16. Bd2 Qa8 17. Rha1 Rb8 18. Nb5 c4 19. Qc2 c3 20. Bxc3 Bxc3 21. Nxc3 Nc4
22. R3a2 Rb4 23. Nd4 Na3 24. Qd2 1-0

[Event "AUTO-ELITE-2175"]
[Site "http://www.queenalice.com/game.php?id=1591134"]
[Date "2019.11.24"]
[Round "1"]
[White "jovelino"]
[Black "Matt24"]
[Result "0-1"]
[WhiteElo "2130"]
[BlackElo "2585"]

1. e4 c6 2. d4 d5 3. exd5 cxd5 4. Bd3 Nf6 5. c3 Nc6 6. Bf4 e6 7. Nf3 Bd6 8. Bxd6
Qxd6 9. O-O Bd7 10. Re1 O-O 11. Ne5 g6 12. Nd2 Nh5 13. g3 f6 14. Bxg6 hxg6 15.
Nxg6 Ng7 16. Nxf8 Rxf8 17. f4 Rf7 18. Nf3 Nf5 19. Qe2 Rg7 20. Kf2 Qc7 21. Nd2
Nce7 22. Rg1 Ng6 23. Qf3 Qd6 0-1

[Event "AUTO-ELITE-2175"]
[Site "http://www.queenalice.com/game.php?id=1591141"]
[Date "2019.11.24"]
[Round "1"]
[White "jovelino"]
[Black "BEBADO"]
[Result "0-1"]
[WhiteElo "2085"]
[BlackElo "2245"]

1. e4 c5 2. Nf3 e6 3. d4 cxd4 4. Nxd4 a6 5. c4 Nf6 6. Nc3 Bb4 7. Bd3 Qc7 8. Ne2
O-O 9. h3 d5 10. cxd5 exd5 11. O-O dxe4 12. Nxe4 Nxe4 13. Bxe4 Rd8 14. Qb3 Be7
0-1

[Event "AUTO-ELITE-2175"]
[Site "http://www.queenalice.com/game.php?id=1591142"]
[Date "2019.11.24"]
[Round "1"]
[White "BEBADO"]
[Black "jovelino"]
[Result "1-0"]
[WhiteElo "2252"]
[BlackElo "2075"]

1. e4 c5 2. Nf3 d6 3. d4 cxd4 4. Nxd4 Nf6 5. Nc3 a6 6. Bg5 e6 7. Qd2 h6 8. Bxf6
Qxf6 9. O-O-O Nc6 10. Nxc6 bxc6 11. f4 g5 12. g3 gxf4 13. gxf4 Rg8 14. Bg2 Qd8
15. Kb1 Rb8 16. e5 1-0